| 000 | 00486pam a2200157a 44500 | ||
|---|---|---|---|
| 008 | 230515b2003 xxu||||| |||| 00| 0 eng d | ||
| 020 | _a0-8016-2469-X | ||
| 041 | _aENGLISH | ||
| 082 | _a500.03 BAI | ||
| 100 | _aBAILEY JILL AND ALLABY MIKE | ||
| 245 | _aTHE NEW ENCYCLOPEDIA OF SCIENCE - 2 ANIMALS AND PLANTS | ||
| 250 | _aII | ||
| 260 |
_aNEW YORK _bOXFORD UNIVERSITY PRESS INC. _c2003 |
||
| 300 | _a176 | ||
| 650 | _aTHE NEW ENCYCLOPEDIA OF SCIENCE - 2 ANIMALS AND PLANTS, SCIENCE | ||
| 999 |
_c517374 _d517374 |
||